000
00295 a2200145 4500
001
169604
020
_a
040
_c
Magnum
100
_a
Rolf, Muuss
240
1
0
_a
Teoria da adolescencia
_l
por
245
1
0
_a
Teoria da adolescencia
362
0
_a
1899
697
_a
PSICOLOGIA
942
_c
BK
999
_c
169604
_d
169604